African Leader to Country Picture Quiz - Statistics

General Stats
  • This quiz has been taken 31 times
  • The average score is 7 of 16
Answer Stats
Picture Answer % Correct
Libya
93%
South Africa
93%
Ethiopia
69%
Democratic Republic of the Congo
66%
Egypt
59%
Tunisia
55%
ZImbabwe
55%
Burkina Faso
48%
Liberia
38%
Kenya
34%
South Africa
34%
Ghana
28%
Senegal
24%
Angola
21%
Tanzania
14%
Guinea-Bissau
10%
No matching quizzes found
Score Distribution
Percent of People with Each Score
Percentile by Number Answered
Your Score History
You have not taken this quiz